[Event "AUTO-OPEN-1992"]
[Site "http://www.queenalice.com/game.php?id=782107"]
[Date "2010.5.28"]
[Round "1"]
[White "faresjo"]
[Black "nebojsa"]
[Result "1-0"]
[WhiteElo "1910"]
[BlackElo "1500"]

1. e4 c5 2. Nf3 Nc6 3. d4 cxd4 4. Nxd4 Nxd4 5. Qxd4 f6 6. Bc4 e5 7. Qd5 Qe7 8.
b3 d6 9. Ba3 Be6 10. Bb5+ Kf7 11. Qd1 Rd8 12. O-O Nh6 13. Nc3 a6 14. Bd3 Qd7 15.
f4 Bg4 16. Qd2 g6 17. fxe5 Bh3 18. gxh3 Qxh3 19. Rxf6+ Ke7 20. Nd5+ Kd7 21. e6+
Ke8 22. Qe2 Ng4 23. Bb5+ Rd7 24. exd7+ Kd8 25. Qd2 b6 26. Rxf8+ Rxf8 27. Qg5+
1-0

[Event "AUTO-OPEN-1992"]
[Site "http://www.queenalice.com/game.php?id=782108"]
[Date "2010.5.28"]
[Round "1"]
[White "nebojsa"]
[Black "faresjo"]
[Result "0-1"]
[WhiteElo "1670"]
[BlackElo "1976"]

1. e4 c5 2. Bc4 Nc6 3. Nf3 d6 4. c3 Nf6 5. d3 g6 6. Be3 Bg7 7. Nbd2 O-O 8. O-O
a6 9. Bb3 b5 10. a3 Bb7 11. c4 Ng4 12. Rb1 Nxe3 13. fxe3 Qc7 14. cxb5 axb5 15.
Ng5 Nd8 16. d4 c4 17. Bc2 Ba6 18. Ndf3 h6 19. Nh3 Bb7 20. d5 g5 21. Nd4 Ba6 22.
Nf5 f6 23. Nxg7 Kxg7 24. e5 dxe5 25. Bf5 Bc8 26. e4 Qc5+ 27. Kh1 e6 28. dxe6 Qe7
29. Qh5 Qe8 30. Qe2 Nxe6 31. Rbd1 Nd4 32. Qf2 Bxf5 33. exf5 Qh5 34. Qe3 Rad8 35.
Nf2 Rd7 36. Ne4 Rfd8 37. Nc5 Nxf5 38. Rxd7+ Rxd7 39. Ne6+ Kf7 40. Qf2 Ng3+ 41.
Qxg3 Kxe6 42. Qf2 Qg6 43. Qb6+ Kf7 44. Qxb5 Qd3 45. Kg1 Qd4+ 46. Rf2 Kg6 47. Qc6
e4 48. Qc8 Kg7 49. h3 e3 50. Re2 f5 51. Kh2 Qe5+ 52. g3 Rd4 53. Qb7+ Kg6 0-1

[Event "AUTO-OPEN-1992"]
[Site "http://www.queenalice.com/game.php?id=782137"]
[Date "2010.5.28"]
[Round "1"]
[White "nebojsa"]
[Black "BOBWINNER"]
[Result "0-1"]
[WhiteElo "1652"]
[BlackElo "1755"]

1. e4 e5 2. Nf3 d6 3. d4 Qe7 4. dxe5 dxe5 5. Nc3 a6 6. Nd5 Qd6 7. Bd3 c6 8. Nc3
b5 9. Be3 Qb4 10. Rb1 Bg4 11. a3 Qd6 12. O-O Nd7 13. Be2 Qe6 14. Ng5 Bxe2 15.
Nxe6 Bxd1 16. Nc7+ Kd8 17. Nxa8 Bxc2 18. Rbc1 Bb3 19. Nb1 Bc4 20. Rfd1 Nf6 21.
Nb6 Bb3 22. Rd2 Be6 0-1

[Event "AUTO-OPEN-1992"]
[Site "http://www.queenalice.com/game.php?id=782138"]
[Date "2010.5.28"]
[Round "1"]
[White "BOBWINNER"]
[Black "nebojsa"]
[Result "0-1"]
[WhiteElo "1765"]
[BlackElo "1571"]

1. e4 e5 2. Be2 Nf6 3. d3 d5 4. exd5 Nxd5 5. d4 Nc6 6. Bb5 Bd6 7. Qe2 O-O 8. c4
exd4 9. Nd2 Re8 10. Ne4 Nf4 11. Bxf4 Bxf4 12. Rd1 Bf5 13. f3 Re6 14. g4 Bg6 15.
Nh3 Qh4+ 16. Nhf2 Rd8 17. Rd3 Nb4 18. Rb3 d3 19. Qd1 Nc2+ 0-1

[Event "AUTO-OPEN-1992"]
[Site "http://www.queenalice.com/game.php?id=782139"]
[Date "2010.5.28"]
[Round "1"]
[White "nebojsa"]
[Black "monxu87"]
[Result "0-1"]
[WhiteElo "1619"]
[BlackElo "2088"]

1. e4 e5 2. Nf3 Nc6 3. d4 exd4 4. Nxd4 Bc5 5. Be3 Qf6 6. c3 Nge7 7. Bc4 Ne5 8.
Nd2 O-O 9. O-O d6 10. N2b3 Nxc4 11. Qe2 Ne5 12. Nxc5 dxc5 0-1

[Event "AUTO-OPEN-1992"]
[Site "http://www.queenalice.com/game.php?id=782140"]
[Date "2010.5.28"]
[Round "1"]
[White "monxu87"]
[Black "nebojsa"]
[Result "1-0"]
[WhiteElo "2090"]
[BlackElo "1619"]

1. e4 e5 2. Bc4 Nf6 3. d3 d5 4. exd5 Nxd5 5. Nf3 Nc6 6. O-O Be6 7. Ng5 Qd7 8.
Nxe6 Qxe6 9. Nc3 Nce7 10. Qf3 c6 11. Ne4 O-O-O 12. Ng5 Qg6 13. Nxf7 1-0

[Event "Challenge"]
[Site "http://www.queenalice.com/game.php?id=791666"]
[Date "2010.6.18"]
[Round "-"]
[White "Xyko"]
[Black "nebojsa"]
[Result "1-0"]
[WhiteElo "2019"]
[BlackElo "1656"]

1. d4 d5 2. Nc3 e5 3. dxe5 Bb4 4. e3 Nc6 5. Bb5 Ne7 6. Nf3 Bg4 7. O-O O-O 8.
Bxc6 bxc6 9. Bd2 Ng6 10. h3 Bxf3 11. Qxf3 Nxe5 12. Qf4 Bd6 13. Rad1 Nc4 14. Qf3
Nxb2 15. Rb1 Nc4 16. Qe2 Na3 17. Rb3 Rb8 18. Bc1 Qe7 19. Bxa3 Bxa3 20. Qa6 Rxb3
21. cxb3 Qc5 22. Rd1 Rd8 23. Ne2 Qc2 24. Rf1 Qxa2 25. Qxa7 Qxb3 26. Qxc7 Qb8 27.
Qxc6 Bd6 28. Nd4 Rc8 29. Qb5 Qc7 30. Qxd5 Bh2+ 31. Kh1 1-0

[Event "cd /chessgame"]
[Site "http://www.queenalice.com/game.php?id=1210380"]
[Date "2013.8.22"]
[Round "-"]
[White "nebojsa"]
[Black "spawnwolfwolverine"]
[Result "1-0"]
[WhiteElo "1623"]
[BlackElo "1619"]

1. d4 d5 2. Nc3 e6 3. e3 g6 4. Nf3 Bg7 5. e4 b6 6. exd5 exd5 7. Nxd5 Bg4 8. c4
Bxf3 9. Qxf3 c6 10. Be3 cxd5 11. cxd5 Nd7 12. Bb5 Nf6 13. O-O O-O 14. Rac1 a6
15. Bc6 b5 16. Bxa8 Qxa8 17. Rc6 Nh5 18. Rfc1 f5 19. d6 Ndf6 20. d7 Nxd7 21.
Qd5+ Kh8 22. Qxd7 f4 23. Bd2 g5 24. Bb4 Rd8 25. Qxd8+ Qxd8 26. Rc8 Qxc8 27.
Rxc8+ Bf8 28. Bxf8 a5 29. Bh6# 1-0

[Event "Challenge"]
[Site "http://www.queenalice.com/game.php?id=1210553"]
[Date "2013.8.22"]
[Round "-"]
[White "nebojsa"]
[Black "shogun"]
[Result "0-1"]
[WhiteElo "1619"]
[BlackElo "2547"]

1. e4 c5 2. Nf3 Nc6 3. d4 cxd4 4. Nxd4 d6 5. Bb5 Bd7 6. Nc3 Nf6 7. f3 a6 8. Nxc6
bxc6 9. Bc4 e6 10. Bg5 d5 11. e5 Qb8 12. Bb3 Qxe5+ 13. Be3 Qxe3+ 14. Qe2 Bc5 15.
Qxe3 Bxe3 16. Ke2 d4 17. Ne4 Nxe4 18. fxe4 Rb8 19. c3 c5 0-1

[Event "AUTO-OPEN-3063"]
[Site "http://www.queenalice.com/game.php?id=1210590"]
[Date "2013.8.22"]
[Round "1"]
[White "nebojsa"]
[Black "Betim_Xadrez"]
[Result "0-1"]
[WhiteElo "1677"]
[BlackElo "1931"]

1. d4 Nf6 2. Nc3 d5 3. e3 Nc6 4. Bd3 e5 5. Nf3 e4 6. Ne5 exd3 7. Qxd3 Nxe5 8.
dxe5 Nd7 9. Nxd5 Nxe5 10. Qe4 Bd6 11. b3 O-O 12. Bb2 Ng6 13. O-O-O Re8 14. Qc4
Be6 15. Qd3 Ne5 16. Qc3 f6 17. f3 Nc6 18. Nf4 Qe7 19. a3 Bxa3 20. Nd5 Bxb2+ 21.
Qxb2 Bxd5 22. Rxd5 Qxe3+ 23. Rd2 Rad8 24. c3 Rxd2 25. Qxd2 Qxd2+ 26. Kxd2 Ne5
27. Re1 Kf7 28. f4 Rd8+ 29. Kc2 Ng4 30. h3 Nh6 31. g4 g5 32. Rf1 gxf4 33. Rxf4
Kg6 34. h4 Nf7 35. h5+ Kg5 0-1

[Event "AUTO-OPEN-3063"]
[Site "http://www.queenalice.com/game.php?id=1210591"]
[Date "2013.8.22"]
[Round "1"]
[White "Betim_Xadrez"]
[Black "nebojsa"]
[Result "0-1"]
[WhiteElo "1968"]
[BlackElo "1668"]

1. e4 e5 2. Nf3 f6 3. Nxe5 Qe7 4. Qh5+ g6 5. Nxg6 Qxe4+ 6. Be2 Qxg6 7. O-O Nc6
8. Re1 Nge7 9. Nc3 Nd4 10. Qxg6+ hxg6 11. Bd3 d6 12. Bxg6+ Kd8 13. Bd3 Bd7 14.
b3 Bf5 15. Bxf5 Nexf5 16. Rb1 Nxc2 17. Re6 Be7 18. a3 c6 19. Bb2 Ncd4 20. Ne4
Nxe6 21. Nxf6 Bxf6 22. Bxf6+ Kd7 23. Bxh8 Rxh8 24. h3 d5 25. b4 Ned4 26. Kh2 Re8
27. g4 Nf3+ 28. Kg2 N5d4 29. d3 Re1 30. Rxe1 Nxe1+ 31. Kg3 Nxd3 32. f4 Ke7 33.
f5 Kf6 34. Kh4 Nxf5+ 35. gxf5 Kxf5 36. Kh5 Nf4+ 37. Kh4 Nxh3 38. Kxh3 Ke4 39.
Kg2 Ke3 40. Kf1 Kd4 41. Ke2 Kc4 42. Kd2 c5 43. bxc5 Kxc5 0-1

[Event "AUTO-OPEN-3063"]
[Site "http://www.queenalice.com/game.php?id=1210592"]
[Date "2013.8.22"]
[Round "1"]
[White "nebojsa"]
[Black "reghini"]
[Result "0-1"]
[WhiteElo "1619"]
[BlackElo "1538"]

1. d4 d5 2. Nc3 e6 3. Nf3 Nf6 4. e3 Bd6 5. Bd3 Nc6 6. e4 dxe4 7. Bxe4 Nxe4 8.
Nxe4 O-O 9. c3 f5 10. Nxd6 Qxd6 11. O-O f4 12. Qd3 Qd5 13. b3 e5 14. Ba3 e4 15.
c4 Qa5 16. Qxe4 Qxa3 17. Rfe1 Bf5 18. Qd5+ Kh8 19. Ne5 Qe7 20. Nxc6 Qg5 21. Ne7
c6 22. Qc5 f3 23. g3 Qg4 24. Kh1 Qh3 25. Rg1 Bg4 26. Rae1 Rf6 27. Nf5 Bxf5 28.
Qe5 Re6 29. Qf4 Rxe1 30. Qxf3 Be4 0-1

[Event "AUTO-OPEN-3063"]
[Site "http://www.queenalice.com/game.php?id=1210593"]
[Date "2013.8.22"]
[Round "1"]
[White "reghini"]
[Black "nebojsa"]
[Result "0-1"]
[WhiteElo "1569"]
[BlackElo "1707"]

1. e4 e5 2. Nf3 Nc6 3. Bc4 d6 4. d3 Bg4 5. Nc3 Nf6 6. Bg5 Be7 7. O-O O-O 8. a3
Nd4 9. Be3 c6 10. Bxd4 exd4 11. Na2 b5 12. Bb3 a5 13. c3 a4 14. Bc2 c5 15. Qd2
Nh5 16. Bd1 Bxf3 17. Bxf3 Bg5 18. Qd1 Nf4 19. Re1 Rb8 20. c4 bxc4 21. dxc4 d3
22. Nc3 Qa5 23. Kh1 Rxb2 24. Nd5 Rd2 25. Qc1 Ne6 26. Qc3 Qa7 27. Rad1 Rxf2 28.
Qxd3 Qa5 29. Re2 Rxe2 30. Qxe2 Nd4 31. Qd3 Rb8 32. e5 dxe5 33. Qe4 Re8 34. Qg4
Qd8 35. Rf1 f5 36. Qh3 e4 37. Bd1 Qd7 38. Qh5 h6 39. Nb6 Qe6 40. Bxa4 g6 41. Qd1
Rd8 42. Nd5 e3 43. Re1 e2 44. Qd3 Kg7 45. Bb5 Nxb5 46. Rxe2 Qf6 47. Qb1 Nc3 0-1

[Event "AUTO-OPEN-3063"]
[Site "http://www.queenalice.com/game.php?id=1210594"]
[Date "2013.8.22"]
[Round "1"]
[White "nebojsa"]
[Black "VitorPeri"]
[Result "1-0"]
[WhiteElo "1649"]
[BlackElo "1690"]

1. e4 e5 2. Nf3 Nc6 3. d4 exd4 4. Nxd4 Qf6 5. Be3 b6 6. Nc3 Bb4 7. Bd3 Nxd4 8.
O-O c6 9. Qd2 a5 10. Rfe1 Ba6 11. e5 Nf3+ 12. gxf3 Qxf3 13. a3 Bxc3 14. Qxc3
Qg4+ 15. Kh1 Bb7 16. Bc5 bxc5 17. Rg1 Qf3+ 18. Rg2 Ne7 19. Re1 Nd5 20. Qxc5 h5
21. Be4 Qf4 22. Rxg7 Qxe5 23. Rgg1 Kd8 24. Bd3 Qf6 25. c4 Qf3+ 26. Rg2 Nf4 27.
Be4 Nxg2 28. Bxf3 Nxe1 29. Qg5+ Kc7 30. Qe5+ Kb6 31. Qxe1 Rae8 32. Qd2 Re7 33.
Qd4+ 1-0

[Event "AUTO-OPEN-3063"]
[Site "http://www.queenalice.com/game.php?id=1210595"]
[Date "2013.8.22"]
[Round "1"]
[White "VitorPeri"]
[Black "nebojsa"]
[Result "0-1"]
[WhiteElo "1759"]
[BlackElo "1582"]

1. e4 c5 2. Bc4 e5 3. Nf3 Nc6 4. c3 d6 5. Bd5 Nge7 6. Bc4 d5 7. exd5 Nxd5 8. O-O
Na5 9. Bb5+ Bd7 10. Qa4 Nc6 11. Re1 Bd6 12. Bxc6 Bxc6 13. Qg4 O-O 14. g3 Qc7 15.
Nh4 Nf6 16. Qe2 Qd7 17. a4 Bxa4 18. Na3 Bc6 19. f3 Rae8 20. d3 b6 21. Nc4 Bb8
22. Nxe5 Bxe5 23. Qc2 Bxg3 24. Rxe8 Rxe8 25. hxg3 Re1+ 26. Kf2 Qe6 0-1

[Event "Rossinante"]
[Site "http://www.queenalice.com/game.php?id=1236644"]
[Date "2013.11.30"]
[Round "1"]
[White "nebojsa"]
[Black "Parma"]
[Result "0-1"]
[WhiteElo "1701"]
[BlackElo "1668"]

1. e4 c5 2. Bc4 e6 3. Nf3 Be7 4. d4 d6 5. d5 e5 6. Nc3 a6 7. b3 Bg4 8. Bb2 Nf6
9. Qd3 b5 10. Nxb5 axb5 11. Bxb5+ Nbd7 12. Nd2 O-O 13. f3 Bh5 14. Nc4 h6 15. a4
Ne8 16. Bxd7 Qxd7 17. Nb6 Qb7 18. Nxa8 Qxa8 19. O-O-O Nc7 0-1